Revisiting land acquisition and urban process / (Record no. 146558)

MARC details
000 -LEADER
fixed length control field 00736nam a22002177a 4500
005 - DATE AND TIME OF LATEST TRANSACTION
control field 20171012151033.0
010 ## - LCCN (DPL NO)
LC control number ENG-120989
020 ## - INTERNATIONAL STANDARD BOOK NUMBER
Terms of availability 1599.00
International Standard Book Number 9789350183847
020 ## - INTERNATIONAL STANDARD BOOK NUMBER
Terms of availability 1599.00
International Standard Book Number 9350183846
035 ## - SYSTEM CONTROL NUMBER
System control number EN-104521
037 ## - SOURCE OF ACQUISITION
Source of stock number/acquisition DBAD/PUB
082 ## - DEWEY DECIMAL CLASSIFICATION NUMBER
Classification number 307.760954
100 ## - MAIN ENTRY--PERSONAL NAME
Personal name Jain, A. K.
245 ## - TITLE STATEMENT
Title Revisiting land acquisition and urban process /
Statement of responsibility, etc A. K. Jain [and] foreworded by Suresh, P. Prabhu
260 ## - PUBLICATION, DISTRIBUTION, ETC. (IMPRINT)
Place of publication, distribution, etc New Delhi
Name of publisher, distributor, etc Readworthy Publications
Date of publication, distribution, etc 2014
270 ## - ADDRESS
Address D-1, Mohan Garden Near Abhinandan
City New Delhi
Postal code 110059
300 ## - PHYSICAL DESCRIPTION
Extent xxi,388p.
Dimensions 22.5cm(Hb)
Other physical details ill
500 ## - GENERAL NOTE
General note Includes bibliographical references and index
700 ## - ADDED ENTRY--PERSONAL NAME
Personal name Suresh, P. Prabhu
942 ## - ADDED ENTRY ELEMENTS (KOHA)
Source of classification or shelving scheme Dewey Decimal Classification
Item type English Books
Classification part 307.760954
Call number suffix JAI
Holdings
Withdrawn status Lost status Not for loan Collection code Home library Current library Date acquired Source of acquisition Cost, normal purchase price Full call number Barcode Copy number Cost, replacement price Koha item type
    Not For Loan Non-fiction D.B.Act.Division D.B.Act.Division 12/10/2017 D 1599.00 307.760954 JAI EN-104521 1 1599.00 English Books

© Delhi Public Library
Hit Counter
free hit counter